| Поле | Инд. | ПП | Название | Значение |
|---|---|---|---|---|
| Тип записи | a | |||
| Библиографический уровень | m | |||
| 001 | Контрольный номер | 784274db-fa1a-4c7b-b467-e316d3948504 | ||
| 005 | Дата корректировки | 20140703123502.6 | ||
| 008 | Кодируемые данные | 031229 | ||
| 020 | a | ISBN | 5-03-003060-3 | |
| c | Цена, тираж | 125.00 | ||
| 020 | a | ISBN | 0-19-963238-3 | |
| 040 | a | Служба первич. каталог. | НБ ТвГУ | |
| 041 | a | Код языка текста | rus | |
| 080 | a | Индекс УДК | 616-07 | |
| 084 | a | Индекс другой классификации/Индекс ББК | Р343 | |
| a | Индекс другой классификации/Индекс ББК | Р347 | ||
| 090 | x | Авторский знак | М75 | |
| a | Полочн. индекс | Р343 | ||
| 245 | 10 | a | Заглавие | Молекулярная клиническая диагностика |
| b | Продолж. заглавия | Методы | ||
| c | Ответственность | [Дж. О'Д. Макги, Э. Р. Хериет, К. С. Гаттер и др.]; Под ред. С. Херрингтона и Дж. Макги; Пер. с англ. А. А. Лушникова и др.; Под ред. Г. И. Козинца и П. А. Сломинского | ||
| 260 | 0_ | a | Место издания | Москва |
| b | Издательство | Мир | ||
| c | Дата издания | 1999 | ||
| 300 | a | Объем | 558 с. | |
| b | Иллюстрации/ тип воспроизводства | ил. | ||
| 500 | a | Примечание | Перевод изд.: Diagnostic molecular pathology / Ed. by C. S. Herrington and J. O'. D. McGee. | |
| 504 | a | Библиография | Библиогр. в конце глав. | |
| a | Библиография | Предм. указ.: с.535-547. | ||
| 583 | a | Действие | Получение впервые 360 25.12.2003 | |
| k | Исполнитель действия | ЧП Искандеров Р.Р. | ||
| 650 | a | Основная рубрика | Медицина | |
| 650 | a | Основная рубрика | Клиническая диагностика молекулярная | |
| x | Основная подрубрика | Методика | ||
| 653 | a | Ключевые слова | Медицина | |
| a | Ключевые слова | Клиническая диагностика | ||
| a | Ключевые слова | Молекулярная клиническая диагностика | ||
| a | Ключевые слова | Иммунодиагностика | ||
| a | Ключевые слова | Иммуноцитохимия | ||
| 700 | 1_ | a | Другие авторы | Макги Джеймс О'Д |
| e | Роль лиц | авт. | ||
| 700 | 1_ | a | Другие авторы | Хериет Эндрю Р. |
| e | Роль лиц | авт. | ||
| 700 | 1_ | a | Другие авторы | Гаттер Кевин С. |
| e | Роль лиц | авт. | ||
| 700 | 1_ | a | Другие авторы | Ван Норден Сузан |
| e | Роль лиц | авт. | ||
| 700 | 1_ | a | Другие авторы | Лушникова А. А. |
| e | Роль лиц | пер. | ||
| 700 | 1_ | a | Другие авторы | Козинец Г. И. |
| e | Роль лиц | ред. | ||
| 700 | 1_ | a | Другие авторы | Сломинский П. А. |
| e | Роль лиц | ред. | ||
| 852 | t | Порядковый номер экземпляра | 2 | |
| p | Инвентарный номер | 775382 | ||
| p | Инвентарный номер | 775383 | ||
| 888 | a | За счет средств университета | ||
| 952 | p | 360.2003 125.00 1 775382 | ||
| p | 360.2003 125.00 1 775383 | |||
| c | Вид литературы | К рн | ||
| 954 | a | Дата поступления на обработку | 20040116 | |
| 999 | a | Подразделение 2 | Фил3 |